Southville International School and Colleges
Your cart is empty.
  • Cart
  • Lists
    Public lists Eva Luna New books Lux_list list_1
    Your lists Log in to create your own lists
  • Log in to your account
  • Your cookies
  • Search history
Southville International School and Colleges
  • Advanced search
  • Recent comments
  • Most popular
  • Libraries

Log in to your account

Log in with GOOGLE


If you do not have an external account, but do have a local account, you can still log in:

  1. Home
  2. MARC view: The good Samaritan :
Normal view MARC view ISBD view

The good Samaritan : (Record no. 109890)

[ view plain ]
MARC details
000 -LEADER
fixed length control field 00556nam a2200193 a 4500
001 - CONTROL NUMBER
control field 2433
005 - DATE AND TIME OF LATEST TRANSACTION
control field 20140414131845.0
008 - FIXED-LENGTH DATA ELEMENTS--GENERAL INFORMATION
fixed length control field 050601s19uu xx 00 eng d
020 ## - INTERNATIONAL STANDARD BOOK NUMBER
International Standard Book Number 971-590-133-6
050 ## - LIBRARY OF CONGRESS CALL NUMBER
Classification number M 220.9
Item number D28 1997
100 ## - MAIN ENTRY--PERSONAL NAME
Personal name Davidson, Alice Joyce
245 ## - TITLE STATEMENT
Title The good Samaritan :
Remainder of title the story of /
Statement of responsibility, etc written by Alice Joyce.
260 ## - PUBLICATION, DISTRIBUTION, ETC. (IMPRINT)
Place of publication, distribution, etc Pasay City, Philippines :
Name of publisher, distributor, etc Paulines,
Date of publication, distribution, etc 1997.
300 ## - PHYSICAL DESCRIPTION
Extent p. : ill. ; cm.
440 ## - SERIES STATEMENT/ADDED ENTRY--TITLE
Title An Alice in Bibleland Storybook
650 ## - SUBJECT ADDED ENTRY--TOPICAL TERM
Topical term or geographic name as entry element Bible stories.
650 ## - SUBJECT ADDED ENTRY--TOPICAL TERM
Topical term or geographic name as entry element Parables.
Holdings
Withdrawn status Lost status Damaged status Use restrictions Home library Current library Shelving location Date acquired Source of acquisition Total Checkouts Full call number Barcode Date last seen Price effective from Koha item type
        Munich Library Munich Library Main Section 06/01/2005     M 220.9 D28 1997 M0083 04/14/2014 04/14/2014 Books

The good Samaritan :

APA

Davidson A. J., . (1997). The good Samaritan. Pasay City, Philippines: Paulines.

Chicago

Davidson Alice Joyce, . 1997. The good Samaritan. Pasay City, Philippines: Paulines.

Harvard

Davidson A. J., . (1997). The good Samaritan. Pasay City, Philippines: Paulines.

MLA

Davidson Alice Joyce, . The good Samaritan. Pasay City, Philippines: Paulines. 1997.

  • Place hold
  • Print
  • Cite
  • Add to your cart (remove)
  • Save record
    BIBTEX Dublin Core MARCXML MARC (non-Unicode/MARC-8) MARC (Unicode/UTF-8) MARC (Unicode/UTF-8, Standard) MODS (XML) RIS
  • More searches
    Search for this title in:
    Other Libraries (WorldCat) Other Databases (Google Scholar) Online Stores (Bookfinder.com) Open Library (openlibrary.org)

Exporting to Dublin Core...

SOUTHVILLE LIBRARY

Southville International School and Colleges Library

1281 Tropical Ave. Cor. Luxembourg St., BF Homes International, Las Pinas City

Tel. No. 8256374 / 252358 Loc. 117/146

Powered by Koha